[Event "Dyfed Open"]
[Site "Fishguard"]
[Date "2020.02.15"]
[Round "3.12"]
[White "Williams, R Gareth"]
[Black "Dixon, Chris"]
[Result "0-1"]
[WhiteElo "1642"]
[BlackElo "1754"]
[Annotator "kemen"]
[PlyCount "72"]
[EventDate "2020.02.??"]
[EventType "swiss"]
[EventRounds "5"]
[EventCountry "WLS"]
[SourceVersionDate "2020.02.18"]

{[%evp 0,72,62,23,14,14,11,25,66,44,42,37,42,38,28,21,15,14,20,2,9,-6,2,4,-6,
-9,-5,-108,-111,-103,-103,-133,-155,-149,-156,-164,-165,-157,-167,-225,-218,
-289,-272,-264,-261,-307,-293,-293,-246,-291,-275,-321,-230,-278,-289,-305,
-209,-265,-292,-337,-350,-360,-382,-478,-490,-478,-484,-494,-523,-558,-573,
-708,-850,-921,-937]} 1. d4 d5 2. Nc3 Nf6 3. Bf4 c5 (3... g6 4. e3 Bg7 5. h4 {
Harding-Probert, Dyfed Open rd1, 2020, 1/2-1/2}) 4. e3 cxd4 5. exd4 a6 6. Nf3
e6 7. Bd3 Nc6 8. O-O Bd6 (8... Be7) 9. Bg3 $146 (9. Qd2) (9. Bg5) 9... Bxg3 10.
hxg3 O-O 11. a3 (11. Ne2 {looks possible as} Nb4 12. Qd2 (12. c3 Nxd3 13. Qxd3
a5 14. Ne5 b6 15. Rfe1 Ba6 $11) 12... Nxd3 13. cxd3 {leaves Bl with a
problematic French B- Stockfish11}) 11... Bd7 12. Re1 Rc8 13. b4 $2 (13. Ne2
Qb6 14. Rb1 Na5 15. c3 Bb5 16. Bc2 Bxe2 17. Qxe2 Nc4 18. g4 h6 (18... Nxg4 19.
Bxh7+ $16) 19. Ne5 $14 {Stockfish11}) 13... Nxb4 14. axb4 Rxc3 $19 15. Ne5 Qb6
(15... Bb5) 16. Nxd7 Nxd7 17. Rb1 Nf6 18. g4 h6 (18... g6) 19. Re3 Rfc8 20. f3
(20. Qd2 Kf8 21. g5 hxg5 22. Rh3 g4 23. Rh8+ Ke7 24. Rxc8 Rxc8 25. Qe3 Kf8 $19
{Stockfish11}) 20... g6 21. Qe1 Qxd4 22. Kh1 Kg7 23. g3 Qb6 24. Kg2 d4 25. Re2
Qc6 (25... Nd5) 26. Kf2 b5 (26... Qd6) 27. Qd2 Rh8 28. Ra1 Qd6 (28... h5) 29.
Rb1 Nd5 30. Re4 Nxb4 31. Rxb4 Qxb4 32. Qf4 Qc5 33. Qd2 b4 34. f4 Rc8 (34... h5)
(34... Rb8) 35. Kg2 (35. Re2 a5) 35... Rxc2 36. Bxc2 Qxc2 0-1

[Event "Dyfed Open"]
[Site "Fishguard"]
[Date "2020.02.15"]
[Round "3.13"]
[White "Pinch, David"]
[Black "Ley, Cyril"]
[Result "1-0"]
[WhiteElo "1667"]
[BlackElo "1603"]
[Annotator "kemen"]
[PlyCount "61"]
[EventDate "2020.02.??"]
[EventType "swiss"]
[EventRounds "5"]
[EventCountry "WLS"]
[SourceVersionDate "2020.02.18"]

1. d4 g6 2. c4 Bg7 3. Nc3 d6 4. e4 Nf6 5. Nf3 O-O 6. Be2 c5 (6... e5) (6...
Nbd7) 7. O-O (7. d5) 7... Na6 (7... cxd4) (7... Nc6) (7... Bg4) 8. h3 Nc7 9.
Be3 b6 10. Qc2 (10. Qd2 {4 Wh wins, 2 Bl wins}) 10... Bb7 (10... Nfe8 11. Rfd1
Na6 12. a3 f5 13. Qd2 Nf6 14. dxc5 bxc5 15. e5 {Turk-Paleka, CRO ch tm U20,1-0}
) 11. Rad1 Qc8 12. Rfe1 (12. d5) 12... cxd4 13. Nxd4 Ne6 14. f3 $2 {(David-
Wh's pawn structure is weakened)} (14. Nxe6 Qxe6 15. Bd4 $14 {Stockfish11}) (
14. Bf1) 14... Rd8 (14... Nxd4 15. Bxd4 Nh5 16. Bxg7 Kxg7 17. Bf1 $14 {
Stockfish11}) 15. Nd5 $2 (15. Ndb5 $14 {Stockfish11}) 15... Nxd5 (15... Bxd5
16. exd5 Nxd5 17. cxd5 Nxd4 18. Qd2 Nxe2+ 19. Rxe2 $17 {(David & Stockfish11)})
16. exd5 Nxd4 (16... Bxd4 17. Bxd4 Bxd5 {(David-Stockfish11 still gives
equality as Wh retains a space advantage)}) 17. Bxd4 Bxd4+ 18. Rxd4 Qc5 19. Qd2
$16 Kg7 $2 {Draw?} 20. Kh1 $18 (20. b4 Qc7 21. Rh4 $18 {Stockfish11}) 20... Rh8
21. Rh4 (21. Bd1 Qc7 22. f4 f5 23. Qc3 Kf7 24. g4 $18 {Stockfish11}) 21... h5
22. Bd3 Rae8 23. b4 (23. Qc3+ f6 24. Bc2 $18 {Stockfish11}) 23... Qc7 24. f4 $2
(24. Qc3+) 24... f5 (24... e5 25. fxe5 Rxe5 26. Rhe4 $14 {Stockfish11}) (24...
Qd8 25. f5 e5 26. Qf2 g5 27. Rhe4 f6 $14 {Stockfish11}) 25. Qc3+ $2 (25. Qb2+
e5 26. dxe6+ Kg8 27. Qf6 Qg7 28. Qg5 $18 {Stockfish11}) 25... Kf7 $17 26. Qc2
Qd8 (26... e6 $19 {Stockfish11} 27. dxe6+ (27. Rd1 Qd8) 27... Rxe6 28. Rxe6
Kxe6 29. Qe2+ Kf7 30. Kh2 Qd8 31. Qf2 Qf6 $19 {Wh's R is completely out of the
game}) (26... Bc8 27. g4 hxg4 28. Rxh8 Rxh8 29. Bf1 e6 $17 {Stockfish11}) 27.
Bxf5 $3 $18 Rhg8 28. Be6+ (28. Bxg6+ Rxg6 29. Qf5+ Rf6 30. Qxh5+ Rg6 31. Qh7+
Rg7 32. Qf5+ Kg8 33. Qe6+ Kf8 34. Rh8+ Rg8 35. Qxg8# {Engines}) (28. Re6 $18)
28... Kg7 29. Bxg8 $2 (29. Qc3+) 29... Rxg8 (29... e5 30. Qf2 Kxg8 31. Qg3 $18)
30. Re6 Qe8 31. f5 1-0

[Event "Dyfed Open"]
[Site "Fishguard"]
[Date "2020.02.15"]
[Round "3.14"]
[White "Morgans, Justin"]
[Black "Francis, Matthew"]
[Result "1-0"]
[WhiteElo "1605"]
[BlackElo "1642"]
[Annotator "kemen"]
[PlyCount "57"]
[EventDate "2020.02.??"]
[EventType "swiss"]
[EventRounds "5"]
[EventCountry "WLS"]
[SourceVersionDate "2020.02.18"]

1. d4 d6 2. Nf3 Nf6 3. e3 Nbd7 4. Be2 (4. Bd3) 4... e5 5. O-O Be7 6. c4 O-O (
6... c6) 7. Nc3 Re8 8. Re1 {the R looks misplaced here} (8. Qc2 c6 9. Rd1) 8...
c6 9. Qc2 (9. b3 {0-2}) 9... Qc7 $146 (9... a6 {1.5-0.5}) (9... Bf8 {
Stockfish11; 0-1}) (9... exd4 10. exd4 Nf8 {1/2-1/2}) 10. Bd2 a6 11. Rac1 Qb8
12. a4 Bf8 13. Bd3 h6 (13... a5 14. Ng5 g6 15. f4 Bg7 16. h3 $14 {Stockfish11})
14. e4 (14. a5) 14... exd4 15. Nxd4 Ne5 (15... Qa7 16. Nde2 Ng4 17. Nd1 Nge5
$11 {Stockfish11}) 16. h3 c5 (16... Be7 17. Bf1 Bd8 18. f4 Ng6 19. Be3 Ba5 $11
{Stockfish11}) 17. Nde2 Bxh3 $6 (17... g6 18. f4 Nxd3 19. Qxd3 Bg7 20. f5 $16 {
Stockfish11}) 18. gxh3 Nf3+ 19. Kg2 Nxe1+ 20. Rxe1 $18 {Bl's Rs are inactive,
so Wh's pieces are much better} g5 $2 {holds up f4, but invites a N into f5}
21. Ng3 Qd8 22. Nd5 (22. Nf5) 22... Nxd5 23. exd5 (23. cxd5) 23... Rxe1 24.
Bxe1 Qe7 25. Bc3 f6 {the usual problem- blocking one B lets the other one in}
26. Bf5 Bg7 27. Be6+ Kh8 28. Nh5 Re8 29. Nxg7 (29. Qg6 {Stockfish11- even
stronger} Qf8 (29... Rf8 30. Bf5 Kg8 31. Qh7+ Kf7 32. Bg6#) 30. Nxg7 (30. Bf5
Kg8 31. Nxf6+ {mating as well-is slower}) 30... Qxg7 31. Qxe8+ Kh7 32. Bf5+ Qg6
33. Qxg6+ Kh8 34. Bxf6#) (29. Nxg7 {is slower, but Bl has no play with his R
against the 2 Bs} Kxg7 30. Qf5 Rf8 31. h4 gxh4 32. Qf4 h3+ 33. Kxh3 Kh8 34. Kg2
Qg7+ 35. Kf1 h5 36. a5 Kh7 37. Bf5+ Kh8 38. Qxd6 {etc}) 1-0

[Event "Dyfed Open"]
[Site "Fishguard"]
[Date "2020.02.15"]
[Round "3.15"]
[White "Knight, Colin B"]
[Black "Probert, Malcolm"]
[Result "1/2-1/2"]
[WhiteElo "1759"]
[BlackElo "1565"]
[Annotator "kemen"]
[PlyCount "64"]
[EventDate "2020.02.??"]
[EventType "swiss"]
[EventRounds "5"]
[EventCountry "WLS"]
[SourceVersionDate "2020.02.18"]

1. d4 d5 2. c4 c6 3. Nc3 Nf6 4. Nf3 g6 5. Bf4 Bg7 6. e3 O-O 7. cxd5 (7. h3 {
main}) 7... cxd5 8. Be2 (8. Bd3) 8... Nc6 9. O-O a6 (9... Nh5) 10. a4 (10. Rc1)
(10. Ne5) (10. h3) 10... b6 (10... Nh5 {Stockfish11} 11. Bg3 Nxg3 12. hxg3 Rb8
13. Na2 Qd6 14. Qd2 Bd7 15. Rab1 Bf5 16. Bd3 Bxd3 17. Qxd3 Nb4 18. Qa3 Nxa2 19.
Qxa2 b5 {Llopez Jordan-Bimbatti Dorante, Maresme op 2011,0-1}) (10... Bg4 11.
h3 Bf5 12. Ne5 Rc8 13. Qb3 Na5 14. Qb4 Re8 15. Rfc1 Bf8 16. Qa3 Ne4 {
Augustowski-Nowaracki, POL ch tm, Kujawsko-Pomorskie, 2016,1-0}) 11. Ne5 Bb7
12. Nd3 (12. Nxc6 Bxc6 13. Qb3 e6 14. Rfc1 $16 {Stockfish11}) 12... e6 13. b4
Nh5 $2 (13... Ne4 $11) 14. Bxh5 gxh5 15. Qxh5 $18 Rc8 16. Ne2 Qe7 17. Qg4 (17.
Bh6) 17... Kh8 18. Ng3 (18. a5) 18... Rg8 19. Qe2 (19. Bg5 f6 20. Bh4 Qf7 21.
Nf4 $18 {Stockfish11}) 19... f6 20. h4 (20. Rfb1) 20... e5 (20... Nxb4 21. Nxb4
Qxb4 22. Rfb1 Qa5 23. Nh5 $18 {Stockfish11- the Q has been lured away from
defence of the K}) 21. Nf5 (21. dxe5 Nxe5 22. a5 $18) 21... Qd7 22. Nxg7 Qxg7
23. Bg3 exd4 24. Rac1 (24. b5 Ne7 25. Nf4 $16 (25. exd4 $16)) 24... dxe3 25.
Qxe3 d4 26. Qf4 $18 Ne7 27. Qxd4 (27. Rxc8 Rxc8 28. Qxd4 $18) 27... Nf5 (27...
Rcd8 28. Qxb6 Bxg2 29. Nf4 (29. Kxg2 Rxd3 $11) 29... Bxf1 30. Ne6 Nd5 31. Qxd8
Rxd8 32. Nxg7 Kxg7 33. Kxf1 Nxb4 $11 {Stockfish11}) 28. Qf4 (28. Qxb6 $18)
28... Nxg3 29. fxg3 Rxc1 30. Rxc1 Qxg3 31. Qxf6+ Rg7 32. Qf8+ (32. Qd8+ Rg8 33.
Qd4+ Qg7 (33... Rg7 34. Nf4 $18) 34. Qxg7+ Rxg7 35. Nf4 $16 {Stockfish11})
32... Rg8 (32... Rg8 33. Qf6+ Qg7 (33... Rg7 34. Qd8+ Rg8 35. Qd4+ {as above})
34. Qxg7+ Rxg7 35. Nf4 Rg4 36. Rc4 Kg8 37. h5 $18) 1/2-1/2

[Event "Dyfed Open"]
[Site "Fishguard"]
[Date "2020.02.15"]
[Round "3.16"]
[White "Greatorex, Roger"]
[Black "Lawrence, Alex"]
[Result "1-0"]
[WhiteElo "1735"]
[BlackElo "1466"]
[Annotator "kemen"]
[PlyCount "53"]
[EventDate "2020.02.??"]
[EventType "swiss"]
[EventRounds "5"]
[EventCountry "WLS"]
[SourceVersionDate "2020.02.18"]

{[%evp 0,53,28,18,30,27,27,-8,-4,-12,-3,-53,-41,-47,-15,-54,-53,-39,-30,-30,
-31,-43,-26,-28,-18,-17,-18,-2,9,-39,-7,8,50,34,54,64,226,312,307,318,560,-170,
-153,-140,-147,-147,-146,-138,11,26,182,169,286,288,29993,29994]} 1. d4 Nf6 2.
Nf3 d5 3. Bg5 (3. c4) 3... Nc6 (3... e6) (3... Ne4) 4. Bxf6 (4. e3) (4. Nbd2)
4... gxf6 (4... exf6 {most frequent}) 5. c3 e5 (5... Bf5 6. e3 {4 Wh wins, 1
draw}) 6. e3 Be6 7. g3 $146 {to blunt any R action on the g file, but this can
wait} (7. Nbd2 {Bascetta-De Barberis, Bratto op 1995, draw agreed}) (7. Bb5 Qd7
8. dxe5 fxe5 9. Nxe5 {Jackson-Boyd, Saint Affrique op 2014,1-0}) 7... Qd7 8.
Bb5 Bd6 9. dxe5 fxe5 10. Ng5 O-O-O 11. Qa4 Kb8 (11... Bf5 $5) 12. Nd2 Bf5 (
12... Be7) 13. e4 dxe4 (13... Bg6 14. exd5 Be7 15. Ngf3 Qxd5 16. O-O-O Qc5 $11
{Stockfish11}) 14. Ngxe4 Bf8 (14... Bc5 15. O-O Bb6 $11 {Stockfish11}) 15. O-O
Bh6 $2 (15... a6) 16. Rad1 (16. Nc5 $18 {Stockfish11} Qxd2 (16... Qd5 17. Nxb7
$18) 17. Bxc6 Rd6 18. Nxb7 $18) 16... Qe6 (16... Bxd2 17. Rxd2 Qe6 18. Nc5 Qe7
19. Rxd8+ Nxd8 20. Qb4 Qd6 21. Be2 Qc6 22. Rd1 $16 {Stockfish11}) 17. Nc5 $18
Qf6 18. Nxb7 $1 Rxd2 19. Rxd2 Bh3 (19... Bxd2 20. Bxc6 $18) (19... Ne7 20. Rd8+
Rxd8 21. Nxd8 Qb6 22. Nxf7 $18 {Stockfish11}) 20. Qa6 (20. Bxc6 $1 $18) (20.
Rfd1 $18) (20. Nc5 $18) 20... Qf3 $19 21. Bxc6 e4 22. Bxe4 Qxe4 23. f3 Qe3+ (
23... Be3+ $1 {Stockfish11} 24. Kh1 (24. Rff2 Qb1+ (24... Qxf3 25. Qf1 Bxf1 26.
Kxf1 Bxf2) 25. Rd1 Qxd1+) 24... Bxf1 25. Qxf1 Qxb7 {and Bl finishes a piece up}
) 24. Rdf2 Bxf1 (24... Qb6 {Stockfish11} 25. Nc5 (25. Qxb6 axb6 {traps the N})
25... Be3 26. Qxb6+ axb6 27. Ne4 Rd8 (27... Bxf1 28. Kxf1 Bxf2 29. Kxf2 Kc8 $11
{Wh has 2 pawns for the exchange; though with pawns on both sides of the board
the R gives good winning chancesa}) 28. Re1 f5 29. Ng5 Bxg5 30. Rfe2 Rd7 $11)
25. Kxf1 $18 Qc1+ 26. Kg2 Be3 (26... Qe3 27. Na5 Qb6 28. Nc6+ Ka8 29. Qc4 $18 {
with the 2 extra pawns}) 27. Na5 {mating} 1-0

[Event "Dyfed Open"]
[Site "Fishguard"]
[Date "2020.02.16"]
[Round "4.1"]
[White "Bourne, Johnathan D"]
[Black "Young, Alan"]
[Result "0-1"]
[WhiteElo "1904"]
[BlackElo "2051"]
[Annotator "kemen"]
[PlyCount "50"]
[EventDate "2020.02.??"]
[EventType "swiss"]
[EventRounds "5"]
[EventCountry "WLS"]
[SourceVersionDate "2020.02.18"]

{[%evp 0,50,26,19,16,6,4,-75,-26,-72,-29,-108,-108,-126,-71,-136,-146,-199,
-214,-221,-191,-211,-232,-247,-244,-337,-286,-280,-280,-283,-280,-295,-303,
-344,-377,-382,-376,-367,-369,-427,-321,-335,-307,-354,-367,-548,-580,-669,
-669,-1130,-1195,-29987,-29988]} 1. e4 e5 2. f4 exf4 3. Bc4 Nc6 {John Shaw
recommendation} (3... Nf6) (3... Qh4+ {main lines}) 4. d4 Nf6 5. e5 (5. Nc3 Bb4
) 5... d5 6. exf6 {given a ? by Shaw} (6. Be2 {main} Ne4 7. Bxf4 g5 (7... b6 8.
c3 Be7 9. Nf3 Bh4+ 10. Nxh4 Qxh4+ 11. g3 Qh3 12. Nd2 Qg2 13. Rf1 {J Garcia-K
Thomas, West Wales-Gwent, 2006,1-0}) (7... Bf5 {Shaw, 0-3}) 8. Be3 g4 9. Nd2
Bf5 10. Bd3 Bh6 11. Bxh6 Qh4+ 12. g3 Qxh6 13. Ne2 Nxd4 14. Nxd4 Qe3+ 15. Qe2
Qxd4 16. Bxe4 dxe4 17. O-O-O Qxe5 $15 {RS Jones-Shaposhnikow, Wesles-E
Gramorgan 2004,1-0} (17... O-O-O $17)) (6. Bb3 $5 {Shaw}) 6... dxc4 $19 {
Stockfish11} 7. d5 (7. Qe2+ Be6 8. Nf3 Nxd4 9. Nxd4 Qxd4 10. Nc3 O-O-O $19 {
Krajnak-Kopera, SVK ch tm 2011,0-1}) 7... Ne5 8. Qe2 (8. fxg7 Bxg7 (8... Qh4+
9. Kf1 Bxg7 $19 {even stronger}) 9. Nf3 Bg4 10. O-O Qd6 11. Nc3 O-O-O $19 {
Horn-Fleck, Zurich 2007,0-1}) (8. Bxf4 Qxf6 9. Ne2 Bc5 10. Nbc3 Bf5 11. Qd2 O-O
12. O-O-O b5 {Gasior-Adda, FRA ch tm 2009,0-1}) 8... Qxf6 9. Nf3 Bd6 10. Nc3
O-O $19 11. Ne4 Nxf3+ 12. Qxf3 Re8 (12... Qh4+ 13. g3 Bg4 {also- Stockfish11})
13. O-O Qd4+ 14. Nf2 Bf5 (14... g5) 15. c3 Qe5 16. Bd2 (16. Nh3 Bxh3 17. Qxh3 (
17. gxh3 g5) 17... f3 18. gxf3 Qxd5 $19 {Stockfish11}) 16... Qe2 17. Bc1 Qxf3
18. gxf3 g5 (18... Re2) 19. Ng4 Bxg4 (19... Bc5+ 20. Kh1 Kg7 $19 {Stockfish11})
20. fxg4 Re2 21. h4 h6 22. hxg5 hxg5 23. b4 cxb3 24. axb3 Bc5+ 25. Kh1 Kg7 0-1

[Event "Dyfed Open"]
[Site "Fishguard"]
[Date "2020.02.16"]
[Round "4.2"]
[White "Harding, Gareth"]
[Black "Williams, A. Howard"]
[Result "0-1"]
[WhiteElo "1557"]
[BlackElo "2246"]
[Annotator "kemen"]
[PlyCount "66"]
[EventDate "2020.02.??"]
[EventType "swiss"]
[EventRounds "5"]
[EventCountry "WLS"]
[SourceVersionDate "2020.02.18"]

{[%evp 0,66,16,13,30,23,60,74,60,60,69,64,72,49,60,20,52,3,5,-2,2,2,8,11,0,-38,
-12,-12,-13,-19,-27,-43,-49,-71,-35,-35,-38,-45,-32,-38,-27,-31,-37,-48,-23,
-33,-36,-14,-6,-116,-62,-90,-94,-94,-44,-31,0,-5,5,-1,1,-60,-50,-45,134,-765,
-743,-744,-763]} 1. d4 Nf6 2. Nc3 c5 3. d5 d6 4. e4 g6 5. Be2 (5. Nf3 {main})
5... Bg7 6. Bg5 Qa5 (6... O-O 7. Qd2 a6) 7. Qd3 $146 (7. Bd2 {Stockfish11}) (7.
Qd2) (7. f3 {played}) 7... Na6 (7... O-O) 8. Qb5+ Qxb5 9. Bxb5+ Bd7 (9... Nd7)
10. Bxd7+ Kxd7 (10... Nxd7) 11. Nf3 b5 $15 12. Nd2 Nc7 13. O-O h6 14. Bh4 g5
15. Bg3 Nh5 16. Nd1 e6 (16... f5 $17 17. f3 Nxg3 18. hxg3 fxe4 19. fxe4 Raf8 {
Stockfish11}) 17. dxe6+ fxe6 18. Rb1 Rhf8 19. Ne3 Rae8 (19... a5 {Stockfish11})
20. Rfd1 Nxg3 21. hxg3 Kc6 22. a3 (22. c4) (22. c3) 22... d5 (22... a5) 23.
exd5+ exd5 24. a4 (24. g4) 24... a6 (24... bxa4 $19 {Stockfish11}) 25. c3 (25.
axb5+ axb5 26. g4 b4 27. Nf5 Bf6 (27... Rf7 28. Nf1 $11) 28. Nxh6 Re6 29. Nf5
Ra8 $15 {Stockfish11}) 25... d4 26. cxd4 cxd4 (26... Bxd4 $19 {keeps a Q side
majority of pawns}) 27. axb5+ axb5 28. Rbc1+ (28. Nc2 Kb6 29. Nf3 Rd8 (29...
Ne6 30. Ncxd4 Nxd4 31. Nxd4 Bxd4 32. Rxd4 Re2 33. f4 Kc5 $11) 30. Nfxd4 Rd6 31.
Nb3 Rfd8 32. Ne3 Rd3 33. Kf1 $14) 28... Kb6 29. Nc2 $11 Re2 30. f3 (30. Nf3 g4
31. Nfxd4 Rexf2 32. Nb4 Rxb2 33. Rc6+ Kb7 34. Ne6 Nxe6 35. Rd7+ Ka8 36. Ra6+
Kb8 37. Nc6+ (37. Rxe6 Bd4+ 38. Rxd4 Rb1+ 39. Kh2 Rff1 40. Rd8+ Kc7 41. Re7+
Kxd8 42. Nc6+ Kc8 43. Na7+ $11 {perpetual}) 37... Kc8 38. Re7 Rb1+ 39. Kh2 Ra1
(39... Rff1 40. Ra8#) 40. Rxa1 Bxa1 41. Na7+ Kd8 42. Nc6+ $11) 30... Nd5 31.
Ne4 Rc8 $2 (31... d3 32. Rxd3 Bxb2 33. Rcd1 Rxc2 34. Rxd5 b4 35. Rd6+ Rc6 $15)
32. Rd2 (32. Nb4 $18 Rd8 (32... Nxb4 33. Rxc8 $18) 33. Rc6+ Ka5 34. Nd3 (34.
Na6 b4 35. Ra1+ Kb5 36. Rc5+ Kb6 37. Raa5 Rxb2 38. Rcb5+ Kc6 (38... Ka7 39.
Nac5#) 39. Nb8+ Kc7 (39... Rxb8 40. Rxb8 $18) 40. Ra7+ Kc8 41. Na6 Rb1+ 42. Kh2
Be5 43. Rc5+ Nc7 44. Rcxc7+ Bxc7 45. Rxc7#) 34... b4 35. Rg6 Bf8 36. Ra1+ Kb5
37. b3) 32... Rxd2 33. Nxd2 d3 $19 0-1

[Event "Dyfed Open"]
[Site "Fishguard"]
[Date "2020.02.16"]
[Round "4.3"]
[White "Zeidler, Sven P."]
[Black "Miles, Richard"]
[Result "1/2-1/2"]
[WhiteElo "2186"]
[BlackElo "1968"]
[Annotator "kemen"]
[PlyCount "100"]
[EventDate "2020.02.??"]
[EventType "swiss"]
[EventRounds "5"]
[EventCountry "WLS"]
[SourceVersionDate "2020.02.18"]

{[%evp 0,100,19,21,72,49,82,25,12,40,28,20,20,7,5,4,17,26,41,48,104,29,48,14,
20,-15,-3,-17,8,3,30,2,18,8,36,37,41,57,43,37,60,94,97,133,121,79,83,62,62,29,
36,57,37,0,30,0,0,0,0,-50,0,0,0,-56,-49,-18,-18,-9,0,0,0,-65,-65,-67,0,-45,0,0,
-10,-13,-28,-29,-20,-17,-26,-7,-2,-26,-18,-26,-28,-44,-31,-29,-28,-29,-29,-29,
-29,-29,-29,-27,-25]} 1. e4 c5 2. Nc3 a6 (2... Nc6 {main}) 3. g3 Nc6 (3... b5)
4. Bg2 g6 5. d3 Bg7 6. Be3 d6 7. Qd2 Rb8 8. Nge2 Nd4 9. O-O e6 (9... b5) 10.
Rae1 (10. Nd1 {main}) 10... b5 11. Nd1 b4 (11... Bd7 12. c3 Nxe2+ 13. Rxe2 b4
14. c4 Bd4 15. f4 Qf6 16. f5 gxf5 17. exf5 e5 {Marquinez Cabrejas-Lebrun, Nato
ch, Brussels 2008,1/2-1/2}) 12. Nc1 Ne7 13. c3 bxc3 14. bxc3 Ndc6 15. Bh6 O-O
16. Bxg7 Kxg7 17. Ne3 e5 (17... Bd7 18. h4 h5 19. Ne2 e5 20. f4 f5 {Ballester
Llagaria, Iagar, Mislata 2012,1/2-1/2}) 18. f4 f6 19. fxe5 (19. f5 $16) 19...
dxe5 (19... Nxe5 20. Ne2 Ng4 21. Nf4 $14 {Stockfish11}) 20. Nb3 $16 c4 21. Nxc4
$16 Be6 22. Qe3 (22. Rd1) 22... Bxc4 23. dxc4 Na5 24. Rd1 (24. Bh3 $16) 24...
Nxc4 25. Qc5 Qb6 26. Rf2 Qxc5 27. Nxc5 Rfc8 $11 28. Ne6+ Kf7 29. Bh3 (29. Ng5+
Kg7 30. Ne6+ Kf7 $11) 29... Ne3 (29... h6 $15) 30. Ng5+ Kg7 31. Rd7 (31. Ne6+
$11) 31... Rb1+ (31... fxg5 32. Rxe7+ Kh6 $15 {Stockfish11}) 32. Rf1 Rxf1+ 33.
Bxf1 fxg5 34. Rxe7+ Kf6 $11 35. Ra7 (35. Bxa6 Rxc3 36. Rxh7 Rc2 37. a3 Rg2+ 38.
Kh1 Ra2 39. h3 Rxa3 $11 {Stockfish11}) 35... Rxc3 36. Rxa6+ Kf7 (36... Kg7 $15)
37. Ra7+ Kf6 38. Be2 Rc2 39. Kf2 Nd1+ 40. Ke1 Nc3 41. Bc4 g4 $11 42. Rxh7 Nxa2
$11 (42... Nxe4 $11) 43. Bd5 Nb4 44. Rf7+ Kg5 45. Re7 Nd3+ (45... Rxh2 $11) 46.
Kf1 Rxh2 47. Bc4 Rf2+ 48. Kg1 Rd2 49. Kf1 Rf2+ 50. Kg1 Rd2 (50... Rd2 51. Rd7
Ne1 (51... Rd1+ 52. Kh2 Nb2) 52. Rxd2 Nf3+ 53. Kf2 Nxd2 54. Bd3 Nb3 $11)
1/2-1/2

[Event "Dyfed Open"]
[Site "Fishguard"]
[Date "2020.02.16"]
[Round "4.4"]
[White "Powell, Lloyd"]
[Black "Heap, Gerry"]
[Result "1/2-1/2"]
[WhiteElo "2064"]
[BlackElo "2111"]
[Annotator "kemen"]
[PlyCount "62"]
[EventDate "2020.02.??"]
[EventType "swiss"]
[EventRounds "5"]
[EventCountry "WLS"]
[SourceVersionDate "2020.02.18"]

{[%evp 0,62,19,31,25,-11,-9,-24,-24,-11,-9,10,-8,0,-9,2,16,4,6,0,57,39,105,104,
124,96,114,106,122,167,175,204,212,210,211,156,292,314,337,299,326,355,366,218,
218,160,169,185,188,196,196,-23,0,0,0,-106,-76,-77,-99,-99,-72,-72,-80,-80,-80]
} 1. d4 Nf6 2. c4 e6 3. g3 d5 4. Bg2 Bb4+ 5. Bd2 Be7 6. Nf3 O-O 7. O-O dxc4 {
" There is little sense in this line for Black, as he simply has an inferior
version of the 4...Be7 variation with the white bishop on d2 instead of c1,
which is a useful extra tempo" Avrukh 2017:182. As explained by Lloyd in the
pm session} 8. Qc2 a6 9. a4 (9. Qxc4 {main} b5 10. Qc2 Bb7 11. Rc1 $1 {
preferred by Avrukh & Bologan 2012}) 9... Nbd7 10. Na3 c5 11. Nxc4 {4 Wh wins,
2 draws} cxd4 12. Nxd4 (12. Ba5 $18 {Stockfish11} Qe8 13. Nxd4 {1.5-0.5}) 12...
Nb6 (12... Bc5 13. Nb3 Qe7 14. Nxc5 Qxc5 15. Rac1 Qe7 16. Qb3 {Nguyen-Pham,
VIE ch tm, Ho Chi Minh 2019,1-0}) 13. Ba5 $18 Qxd4 14. Nxb6 Rb8 15. Rac1 (15.
b4 {also}) 15... h6 (15... Bd7 16. Rfd1 Qe5 17. Bc3 Qc7 18. Bxf6 Qxc2 19. Rxc2
Bxa4 20. Nxa4 Bxf6 21. Nb6 $18 {Stockfish11}) 16. Rfd1 Qe5 17. Bd2 (17. b4 Re8
18. Rd3 Bf8 19. Rcd1 $18 {Stockfish11}) 17... Qxe2 18. Re1 Qh5 19. Bf4 $18 e5 {
desperation} 20. Rxe5 g5 21. Rxe7 (21. Qc7 $1 {Stockfish11 & Rudy at pm} Ng4
22. h3 Nxf2 (22... Nxe5 23. Bxe5 Bd8 24. Qxb8 Bxh3 25. Qxb7 Bxg2 26. Kxg2 $18 {
Stockfish11}) 23. Kxf2 Qg6 24. Nd5 Bd6 25. Rxg5 Bxc7 26. Rxg6+ fxg6 27. Rxc7
$18 {Stockfish11}) (21. h4 Be6 22. Rxe6 fxe6 23. Bxb8 Rxb8 24. Nc8 Qe8 25. Qc7
$18 {Stockfish11}) 21... gxf4 22. Nxc8 Rbxc8 23. Qxc8 Rxc8 24. Rxc8+ Kg7 25. h3
(25. Rcc7 $18 {Stockfish11 & Lloyd in pm} Qd1+ 26. Bf1 Kg6 27. Rxf7 Ne4 28.
Rg7+ Kf5 29. Rcf7+ Ke6 30. Re7+ Kf5 31. Rgf7+ Kg6 32. Kg2 Ng5 33. Rxf4 $18 {
Stockfish11}) 25... Qd1+ $11 26. Kh2 (26. Bf1 fxg3 (26... f3 27. Rcc7 $18) 27.
Rcc7 (27. fxg3 Qd4+ 28. Kh1 Ne4 $11) 27... gxf2+ 28. Kxf2 Kg6 29. Rxb7 a5 30.
Rxf7 Qxa4 $11 {Stockfish11}) 26... f3 27. Rcc7 (27. Bh1 Nd5 (27... Qf1 28. Rc2
Nd5 29. Rd7 Ne3 30. Rcd2 (30. fxe3 f2 31. Rxf2 Qxf2+ 32. Bg2 b6 $19 {
Stockfish11})) 28. Ree8 Qd2 29. Kg1 Qd1+ 30. Kh2 b6 $15 {Stockfish11}) 27...
fxg2 28. Rxf7+ Kg6 29. Rg7+ Kf5 30. Kxg2 Qd5+ 31. Kg1 Qd1+ (31... b5 $17)
1/2-1/2

[Event "Dyfed Open"]
[Site "Fishguard"]
[Date "2020.02.16"]
[Round "4.5"]
[White "Hewitt, William"]
[Black "Garcia, Jason"]
[Result "1/2-1/2"]
[WhiteElo "1990"]
[BlackElo "2029"]
[Annotator "kemen"]
[PlyCount "34"]
[EventDate "2020.02.??"]
[EventType "swiss"]
[EventRounds "5"]
[EventCountry "WLS"]
[SourceVersionDate "2020.02.18"]

{[%evp 0,34,19,38,72,47,87,23,14,13,13,-8,17,35,27,-20,-19,-1,-11,-37,-22,-25,
-22,-24,-22,-20,-23,-24,-4,-6,12,17,12,11,-6,12,5]} 1. e4 c5 2. Nf3 d6 3. c4 e5
4. Nc3 Nc6 5. g3 g6 6. d3 Bg7 7. Nd5 (7. Bg2) 7... Nge7 8. Bg2 O-O 9. Be3 (9.
O-O {103 games}) 9... Nd4 (9... Bg4 10. Bg5 f6 11. Bd2 Nxd5 12. cxd5 Ne7 13.
O-O Qd7 {Torra Bitlloch-Armenteros Generosa, ICCF email 2016, 0-1}) 10. Nxd4
exd4 11. Bg5 f6 12. Nxe7+ Qxe7 13. Bd2 Bd7 14. O-O Bc6 15. b4 b6 16. b5 (16. f4
$16) 16... Bb7 17. a4 a5 (17... a5 18. f4 $16) 1/2-1/2